Normal view
MARC view
Entry Topical Term
001 - CONTROL NUMBER
- control field: 11023
003 - CONTROL NUMBER IDENTIFIER
- control field: BD-RjUL
005 - DATE AND TIME OF LATEST TRANSACTION
- control field: 20240122150459.0
008 - FIXED-LENGTH DATA ELEMENTS
- fixed length control field: 240122|| aca||aabn | a|a d
040 ## - CATALOGING SOURCE
- Original cataloging agency: BD-RjUL
- Transcribing agency: BD-RjUL
150 ## - HEADING--TOPICAL TERM
- Topical term or geographic name entry element: Bonaparte, Napoleon, Inspector (Fictitious character)
670 ## - SOURCE DATA FOUND
- Source citation: Work cat.: (BD-RjUL)82725: Upfield, Arthur W. (Arthur William), 1890-1964. 11022, The bone is pointed /, 1960.